00481 a2200157 4500010001400000020001100014035001300025037001500038082000800053100002900061245005300090260003700143270009800180300002600278500001900304 aENG-88107 c600.00 aEN-71640 bDBAD / PUB14a2301 aRama Seshadari Tanikella1 aHinduism revisited/cby Rama Seshadari Tanikella aHyderbadbSmt.T. Ratnamalac2006 a6-3-597/A/16, flat No. 101, Harry's Mansion, V.R.Colony, KhairtabadbHyderabad (A.P)e500 004 ax, 662 p.c24 cm (Hb) aIncludes index